| 000 | 00633nam a22001935i 4500 | ||
|---|---|---|---|
| 001 | 53400 | ||
| 003 | ES-MaACL | ||
| 005 | 20230906162746.0 | ||
| 007 | t| | ||
| 008 | 950922s1838 po ||||1| por d | ||
| 080 | _a622(469) | ||
| 100 | 1 |
_aEschwege, Barao. _947542 |
|
| 245 | 1 | 0 |
_aMemoria sobre a historia moderna da administraçao das minas em Portugal / _cpelo Barao d'Eschwege. |
| 260 |
_aLisboa : _b[s.n.], _c1838 ( _fTyp. da Academia R. das Sciencias) |
||
| 300 |
_a63 p., [1] h. pleg. ; _c16 cm. |
||
| 650 | 4 |
_aMinas- _zPortugal. _9136505 |
|
| 710 | 2 |
_aAcademia das Ciências de Lisboa. _91159 |
|
| 852 | 4 |
_aES-MaACL _jT-135-F-2 |
|
| 999 |
_c53400 _d53400 |
||